| 000 | 01149nac a22002771u 4500 | ||
|---|---|---|---|
| 999 |
_c5436 _d5436 |
||
| 003 | EG-ScBUE | ||
| 005 | 20210530100914.0 | ||
| 008 | 110330s1961 ku f 000 pd are d | ||
| 040 |
_aEG-ScBUE _bara _erda _cEG-ScBUE _dEG-ScBUE |
||
| 082 | 0 | 4 |
_a892.7834 _bص ا ب _222 |
| 100 | 1 |
_aالصابىء، إبراهيم بن هلال، _d313-384 هـ.، _eمؤلف. _922713 |
|
| 245 | 1 | 0 |
_aرسائل الصابيء والشريف الرضي / _cتحقيق الدكتور محمد يوسف نجم. |
| 264 | 1 |
_aالكويت : _bدائرة المطبوعات والنشر، _c1961. |
|
| 300 |
_a118 صفحة ؛ _c24 سم. |
||
| 336 |
_2rdacontent _aنص _btxt |
||
| 337 |
_2rdamedia _aبدون وسيط _bn |
||
| 338 |
_2rdacarrier _aمجلد _bnc |
||
| 490 | 0 |
_aالتراث العربي ؛ _v6 |
|
| 650 | 7 |
_aالرسائل العربية _vمجموعات. _2BUEsh _98553 |
|
| 651 | _2BUEsh | ||
| 653 |
_bARALIT _cMay2021 |
||
| 655 |
_vReading book _934232 |
||
| 700 | 1 |
_aنجم، محمد يوسف، _eمحقق _917455 |
|
| 700 | 1 |
_aالشريف الرضي، محمد بن الحسين، _d359-406 هـ، _eمؤلف. |
|
| 942 |
_cBB _k816.008 ر س ا _2ddc |
||